Basic Words - L - Statistics

General Stats
  • This quiz has been taken 43 times
  • The average score is 9 of 10
Answer Stats
Hint Answer % Correct
King of the jungle Lion
100%
Yellow sour fruit Lemon
97%
Baby sheep Lamb
95%
Yellow sour fruit's green relative Lime
95%
Flat, green thing that grows on trees Leaf
90%
National animal of Madagascar Lemur
87%
Often confused with a jaguar Leopard
82%
Candy on a stick Lollipop
79%
Helps with walking, running and kicking Legs
77%
Helps climb high places Ladder
72%
No matching quizzes found
Score Distribution
Percent of People with Each Score
Percentile by Number Answered
Your Score History
You have not taken this quiz